MARC details
| 000 -LEADER |
| campo de control de longitud fija |
02808nka a2200397 i 4500 |
| 001 - NÚMERO DE CONTROL |
| campo de control |
102972 |
| 003 - IDENTIFICADOR DE NÚMERO DE CONTROL |
| campo de control |
ES-MaACL |
| 005 - FECHA Y HORA DE LA ÚLTIMA TRANSACCIÓN |
| campo de control |
20250823042522.0 |
| 007 - CAMPO FIJO DE DESCRIPCIÓN FÍSICA--INFORMACIÓN GENERAL |
| campo de control de longitud fija |
t| |
| 008 - DATOS DE LONGITUD FIJA--INFORMACIÓN GENERAL |
| campo de control de longitud fija |
051222e1798 sp f | |r||1c|spa d |
| 100 1# - ENTRADA PRINCIPAL--NOMBRE DE PERSONA |
| Nombre de persona |
Ribault, Jean François, |
| Fechas asociadas al nombre |
1767-1820 |
| Término indicativo de función/relación |
Grabador |
| 9 (RLIN) |
96738 |
| 245 11 - MENCIÓN DEL TÍTULO |
| Título |
[San Bartolomé] |
| Medio |
[Material gráfico] / |
| Mención de responsabilidad, etc. |
Le Tableau par Joseph Rivera ; Le Dessein par Leon Bueno ; La planche ébauchée aprés l'Eau forte, par Ribault et Audoin, sous la Direction d Ingouf... qui la... terminé em 1798 |
| 260 ## - PUBLICACIÓN, DISTRIBUCIÓN, ETC. |
| Lugar de publicación, distribución, etc. |
[Madrid : |
| Nombre del editor, distribuidor, etc. |
se hallará en la Calcografía de la Imprenta Real, |
| Fecha de publicación, distribución, etc. |
1798] |
| 300 ## - DESCRIPCIÓN FÍSICA |
| Extensión |
1 estampa : |
| Otras características físicas |
grabado calcográfico ; |
| Dimensiones |
557 x 407 mm |
| 490 1# - MENCIÓN DE SERIE |
| Mención de serie |
Colección facticia de grabados ; |
| Designación de volumen o secuencia |
25 |
| RLIN |
184692 |
| 500 ## - NOTA GENERAL |
| Nota general |
Inscripción: "San Bartolomé de Rivera, tiene seis pies y medio de alto por seis de ancho, se ha trasladado del Real Palacio al Museo de Madrid" |
| 500 ## - NOTA GENERAL |
| Nota general |
Estampa que reproduce la pintura de Ribera que se conservaba en el Palacio Real de Madrid, hoy en el Museo del Prado. Audouin y Ribault grabaron la plancha de cobre en 1798, por la que cobraron 1.100 reales, a partir del dibujo de León Bueno |
| 520 ## - RESUMEN, ETC. |
| Sumario, etc. |
El lienzo original de Ribera formaba parte de la serie de cuatro santos procedentes de la colección del marqués de los Llanos: dos santos en edad juvenil (san Juan Bautista y santa María Magdalena) y dos en edad avanzada (san Bartolomé y santa María Egipciaca); aludiendo a las dos fases principales de la vida del ser humano (juventud y vejez) y los efectos de la edad sobre ambos sexos. Esta obra es el contrapunto de la figura adolescente del san Juan Bautista y muestra como novedad iconográfica la representación del santo no en el momento de su martirio, aunque porta el cuchillo en sus manos |
| 530 ## - NOTA DISPONIBLE DE FORMULARIO FÍSICO ADICIONAL |
| Nota de formato físico adicional disponible |
Disponible en formato digital |
| 600 04 - PUNTO DE ACCESO ADICIONAL DE MATERIA--NOMBRE DE PERSONA |
| Nombre de persona |
Bartolomé, |
| Títulos y otros términos asociados al nombre |
Santo |
| 9 (RLIN) |
26168 |
| 655 #7 - TERMINO DE INDIZACIÓN--GENERO/FORMA |
| Datos o término principal de género/forma |
Grabados calcográficos |
| Fuente del término |
tgfbne |
| 9 (RLIN) |
241761 |
| 655 #7 - TERMINO DE INDIZACIÓN--GENERO/FORMA |
| Datos o término principal de género/forma |
Grabados |
| Fuente del término |
tgfbne |
| 9 (RLIN) |
226846 |
| 655 #4 - TERMINO DE INDIZACIÓN--GENERO/FORMA |
| Datos o término principal de género/forma |
Reproducciones de obras de arte |
| 9 (RLIN) |
241931 |
| 700 1# - ENTRADA AGREGADA--NOMBRE PERSONAL |
| Nombre de persona |
Ribera, José de, |
| Fechas asociadas al nombre |
1591-1652 |
| Término indicativo de función/relación |
Artista |
| 9 (RLIN) |
96775 |
| 700 1# - ENTRADA AGREGADA--NOMBRE PERSONAL |
| Nombre de persona |
Bueno, León, |
| Fechas asociadas al nombre |
s. XVIII |
| Término indicativo de función/relación |
Dibujante |
| 9 (RLIN) |
32380 |
| 700 1# - ENTRADA AGREGADA--NOMBRE PERSONAL |
| Nombre de persona |
Audouin, Pierre, |
| Fechas asociadas al nombre |
1768-1822 |
| Término indicativo de función/relación |
Grabador |
| 9 (RLIN) |
23865 |
| 700 1# - ENTRADA AGREGADA--NOMBRE PERSONAL |
| Nombre de persona |
Ingouf, François Robert, |
| Fechas asociadas al nombre |
1747-1812 |
| Término indicativo de función/relación |
Director |
| 9 (RLIN) |
65305 |
| 710 2# - ENTRADA AGREGADA--NOMBRE DE ENTIDAD CORPORATIVA |
| Nombre de entidad corporativa o nombre de jurisdicción como elemento de entrada |
Calcografía de la Imprenta Real |
| Término indicativo de función/relación |
Editor |
| 9 (RLIN) |
241806 |
| 830 #0 - PUNTO DE ACCESO ADICIONAL DE SERIE-TÍTULO UNIFORME |
| Título uniforme |
Colección facticia de grabados ; |
| Designación de volumen o secuencia |
25 |
| 9 (RLIN) |
184692 |
| 852 4# - LOCALIZACIÓN |
| Ubicación |
ES-MaACL |
| Ubicación en estantería |
Depósito 2 |
| Número de control de estantería |
GF-2(25) |
| 856 4# - LOCALIZACIÓN Y ACCESO ELECTRÓNICOS |
| Identificador Uniforme de Recursos |
<a href="https://www.museodelprado.es/coleccion/obra-de-arte/san-bartolome/01035dfa-6b1b-48c9-98f5-d74323d14c18">https://www.museodelprado.es/coleccion/obra-de-arte/san-bartolome/01035dfa-6b1b-48c9-98f5-d74323d14c18</a> |
| Texto de enlace |
Versión en línea |
| Nota pública |
(Museo del Prado) |
| Método de acceso |
|
| 856 4# - LOCALIZACIÓN Y ACCESO ELECTRÓNICOS |
| Identificador Uniforme de Recursos |
<a href="https://ceres.mcu.es/pages/Viewer?accion=4&AMuseo=MBACO&Ninv=CE0324G">https://ceres.mcu.es/pages/Viewer?accion=4&AMuseo=MBACO&Ninv=CE0324G</a> |
| Texto de enlace |
Versión en línea |
| Nota pública |
(CER.es (Colecciones en Red)) |
| 942 ## - ELEMENTOS DE ENTRADA SECUNDARIOS (KOHA) |
| Fuente del sistema de clasificación o colocación |
Clasificación decimal universal |
| Tipo de ítem Koha |
Grabado |
| Suprimir en OPAC |
No |